HSL lähijunien asemat - Statistics

Yleistilastot
  • Tätä visaa on pelattu 245 kertaa
  • Keskiarvotulos 35 / 49
Vastaustilastot
Hint Vastaus % Oikein
PIAL, EUXY, DRZ, TKIP Pasila
99%
PIAL, EUXY, DRZ, TKIP Helsinki
95%
DRZ, TKIP Tikkurila
94%
LEUX Kera
91%
IP Lentoasema
89%
AL, EUXY Leppävaara
89%
LUXY Kirkkonummi
88%
LEUXY Espoo
86%
DRZ, TK Kerava
86%
TKIP Malmi
86%
PI Myyrmäki
83%
PIAL, EUXY Huopalahti
81%
TKIP Käpylä
81%
TKIP Oulunkylä
79%
IP Aviapolis
77%
PIAL Ilmala
77%
LEUX Kauniainen
77%
LEUX Kilo
77%
TK Korso
77%
TKIP Pukinmäki
76%
PI Pohjois-Haaga
75%
TRD Järvenpää
71%
AL Pitäjänmäki
71%
TKIP Tapanila
71%
TKIP Hiekkaharju
70%
PI Kannelmäki
70%
PI Kivistö
70%
PI Martinlaakso
70%
PI Malminkartano
69%
XY Siuntio
69%
TKIP Puistola
67%
LEUXY Kauklahti
65%
IP Leinelä
65%
PI Vantaankoski
63%
LUXY Masala
62%
TK Koivukylä
61%
LEUX Tuomarila
61%
AL Valimo
61%
PI Louhela
57%
LEUX Koivuhovi
56%
AL Mäkkylä
55%
TR Jokela
54%
TR Ainola
51%
TK Rekola
50%
TK Savio
50%
PI Vehkala
47%
TR Saunakallio
46%
LUX Jorvas
43%
LUX Tolsa
43%
Ehtoja vastaavia visoja ei löytynyt
Tulosjakauma
Jokaisen tuloksen saaneiden osuus
Persentiili vastausten määrän mukaan
Tuloshistoriasi
Et ole pelannut tätä visaa